Las diócesis de los EEUU - Estadísticas

Estadísticas generales
  • Esta prueba ha sido intentada 287 veces
  • La puntuación promedio es 84 de 175
Respuestas en el mapa
Las respuestas están codificadas por una escala verde-roja en el mapa de la prueba según el % correcto abajo.
 
Estadísticas de respuestas
Diócesis % Correcto
Nueva York
97%
Chicago
96%
Miami
95%
Las Vegas
93%
San Francisco
93%
Los Ángeles
91%
Seattle
90%
Honolulu
89%
Washington
89%
Dallas
88%
San Diego
88%
Boston
87%
Detroit
87%
Filadelfia
85%
Nueva Orleans
84%
Kansas City-Saint Joseph
83%
Orlando
83%
Atlanta
82%
Denver
82%
Galveston-Houston
80%
Portland
80%
Sacramento
80%
El Paso
78%
Anchorage-Juneau
77%
San José
77%
Oklahoma City
76%
Jackson
75%
Phoenix
75%
Salt Lake City
75%
Austin
74%
San Antonio
74%
Indianápolis
71%
Baltimore
70%
Albany
68%
Búfalo
68%
Kansas City
67%
Memphis
67%
Saint Paul & Mineápolis
67%
Springfield
66%
Springfield-Cape Girardeau
66%
Springfield (in Illinois)
66%
San Luis
64%
Tucson
64%
Pensacola-Tallahassee
63%
Boise
62%
Toledo
62%
Des Moines
60%
Milwaukee
60%
Nashville
60%
Richmond
60%
Fort Worth
58%
Baton Rouge
57%
Charleston
57%
Savannah
57%
Wheeling-Charleston
57%
Cheyenne
55%
Cleveland
55%
Columbus
55%
Omaha
55%
Raleigh
55%
Reno
55%
Santa Fe
55%
Charlotte
54%
Lincoln
54%
Amarillo
53%
Fresno
53%
Louisville
53%
Tulsa
53%
Colorado Springs
52%
Bismarck
51%
Cincinnati
51%
Wichita
51%
Corpus Christi
50%
Providence
49%
San Petersburgo
49%
Elena
48%
Pittsburgh
48%
Mánchester
47%
Oakland
47%
San Bernardino
47%
Birmingham
46%
Brooklyn
46%
Fairbanks
46%
Laredo
46%
Spokane
46%
Fargo
45%
Little Rock
45%
Mobile
45%
Newark
45%
Sioux Falls
45%
Palm Beach
43%
San Agustín
43%
Duluth
41%
Lansing
41%
Burlington
40%
Jefferson City
40%
Rochester
40%
Winona-Rochester
40%
Biloxi
39%
Great Falls-Billings
39%
Madison
39%
Orange
38%
Pueblo
38%
Harrisburg
37%
Alexandria
36%
Arlington
36%
Knoxville
36%
Santa Rosa
36%
Gary
35%
Grand Rapids
35%
Marquette
35%
Erie
34%
Hartford
34%
Trenton
34%
Baker
33%
Monterrey
33%
Bridgeport
32%
Brownsville
32%
Green Bay
32%
Joliet
32%
Stockton
32%
Venice
32%
Fort Wayne-South Bend
30%
Lake Charles
30%
Lubbock
30%
Siracusa
30%
Wilmington
30%
Kalamazoo
29%
Rapid City
29%
Yakima
29%
Las Cruces
28%
Sioux City
28%
Lexington
27%
Victoria
27%
Worcester
27%
Evansville
26%
San Angelo
26%
Dodge City
25%
Gaylord
25%
Lafayette
25%
Lafayette (in Louisiana)
25%
Peoria
25%
Grand Island
24%
Houma-Thibodaux
24%
La Crosse
24%
Rockford
24%
Scranton
24%
Shreveport
24%
Steubenville
24%
Beaumont
23%
Belleville
23%
Dubuque
23%
Gallup
23%
Norwich
23%
Salina
23%
Allentown
22%
Crookston
22%
Davenport
22%
Fall River
22%
Owensboro
22%
Saint Cloud
22%
Youngstown
22%
Covington
21%
Saginaw
21%
Superior
21%
Tyler
21%
Greensburg
20%
New Ulm
20%
Camden
18%
Paterson
18%
Rockville Centre
18%
Altoona-Johnstown
17%
Metuchen
17%
Ogdensburg
17%
No se encontraron pruebas coincidentes
Distribución de puntuación
Porcentaje de gente con cada puntuación
Porcentaje por número respondido
Historial de tus puntuaciones
No has intentado esta prueba.